00755 2200241 4500001002100000005001700021008004100038035002400079090001500103100001800118245011500136260002900251300002900280500009000309650002500399700001200424700001800436850001300454980001300467985000600480986001200486999001500498YOGYA-0209000001944520090227023000.0 ind  0010-020900000019445 a336bSch U aSCHEFFER, C.F aUang dan negarabPeredaran uang dan pengaruh daripada negaracC.F. Scheffer, M.J.H. Smeets; Penerjemah Ratmoko aJakartabDjambatanc1978 axi, 190 hlmbilusc21 cm aJudul asli: Gold en overheid" De Kringloop van het good en Re invloed van de overheid aPajak dan Perpajakan aRatmoko aSmeets, M.J.H aYOPDYOGB a21-03-06 a1 aPKL-ATM aP000012769